Tilastot visalle Arvaa joululaulu #2

Klikkaa tästä pelataksesi tätä visaa!

Yleistilastot

  • Tätä visaa on pelattu 75 kertaa
  • Keskiarvotulos 7 / 15

Vastaustilastot

HintVastaus% Oikein
Haukkuivat toiset illoin / majakaksi pilkaten / Tuosta vain saikin silloin / joulupukki aattehenPetteri punakuono
89%
Mäen rinteen alla / talo törröttää / joka ikkunalla / kaksi kynttilääJoulukirkkoon
70%
Voi, kun hassua mä nähdä sain / äsken kun mä karamellin hain / Mä hiivin saliin päin / oven rakoon salaa jäinJoulupukki suukon sai
69%
Kiitävi aika / vierähtävät vuodet / miespolvet vaipuvat unholaanMaa on niin kaunis
65%
Tullessasi toit sä valon, lahjat runsaat, rikkahat / autuuden ja anteeksannon kaikki taivaan tavaratJoulupuu on rakennettu
63%
On jouluyö ja lumihuntuun pukeutunut maa / kuin yhtä puhdas itse olla voisinSydämeeni joulun teen
61%
Hetken kestää elämä / ja sekin synkkä ja ikäväHei tonttu-ukot
56%
Olet toisten kaltainen, lapsi lupauksien / Tuotko lapseni nyt toivon maailmaan? / Olet aarre sydänten, miten sinut suojelen?Taivas sylissäni
50%
Mutta naapurin pieni Ville / oivan aatteen keksikin / jospa Korvatunturille / pukki ostais helikopterinJollei jouluna ole lunta
48%
Hohde määrätön siitä lähti / viel on auvona ihmisten / Kun se loistavi lasten teille / päilyy järvet ja kukkii haatArkihuolesi kaikki heitä
43%
Ja lehväs uskolliset!Oi kuusipuu
43%
Puun vihreen oksat kiedomme / me hopein, kultavöin. / Vaan muistammeko lapsen sen / mi taivaisen tuo kirkkauden?Me käymme joulun viettohon
33%
Kertokaatte joulun satua / yhtä uutta, yhtä ihanaa / mieltä viihtäen kuin muinen lasnaTuikkikaa, oi joulun tähtöset
22%
Kautta avaruuksien / Vuoret kertas kaiullaan / Riemulaulun taivaisen / Gloria in excelsis Deo!Kuului laulu enkelten
19%
Sataa lunta hiljalleen on valkoinen jo maa / Tyttö kulkee mietteineen ja häntä paleltaaLumienkeleitä
13%

Tulosjakauma

Persentiili vastausten määrän mukaan

Jokaisen tuloksen saaneiden osuus

Tuloshistoriasi

Et ole pelannut tätä visaa